[Event "Tage Sorensen Memorial 2001"]
[Site "Holbaek"]
[Date "2001.06.23"]
[Round "1"]
[White "Brekka, Hanus"]
[Black "Carstensen, Jacob"]
[Result "0-1"]
[WhiteElo "2000"]
[BlackElo "2260"]
[PlyCount "79"]
[EventDate "2001.06.23"]

1. e4 c5 2. Nf3 d6 3. d4 cxd4 4. Nxd4 Nf6 5. Nc3 a6 6. Be3 e5 7. Nb3 Be7 8. Be2
Be6 9. O-O O-O 10. f4 Qc7 11. f5 Bc4 12. Nd5 Nxd5 13. exd5 Nd7 14. Bxc4 Qxc4
15. Na5 Qb5 16. Qd2 Bd8 17. b4 Bxa5 18. bxa5 Nf6 19. Bg5 Qxd5 20. Qxd5 Nxd5 21.
Rfd1 Nc3 22. Rd3 Rfc8 23. Re1 Nb5 24. a4 Nd4 25. c3 Nc6 26. Rxd6 f6 27. Bh4 Rd8
28. Rxd8+ Rxd8 29. Bf2 Rd3 30. Rb1 Nxa5 31. Bb6 Nc4 32. Bc7 b6 33. Bxb6 Rxc3
34. Bc5 h5 35. Rb8+ Kh7 36. Bf8 Ne3 37. Ra8 Rc2 38. g3 Rg2+ 39. Kh1 Ra2 40. h3
0-1

[Event "Tage Sorensen Memorial 2001"]
[Site "Holbaek"]
[Date "2001.06.23"]
[Round "1"]
[White "Brekka, Martin"]
[Black "Jorgensen, Michael"]
[Result "0-1"]
[WhiteElo "2102"]
[BlackElo "2290"]
[PlyCount "74"]
[EventDate "2001.06.23"]

1. d4 f5 2. c4 Nf6 3. Nf3 g6 4. Nc3 Bg7 5. g3 O-O 6. Bg2 d6 7. O-O c6 8. e3 Qe8
9. d5 Na6 10. Rb1 Bd7 11. Nd4 Nc7 12. b4 cxd5 13. Nxd5 Ncxd5 14. cxd5 Rc8 15.
Bb2 Rc7 16. Qb3 Qa8 17. Rfd1 Rfc8 18. a4 a6 19. a5 Kh8 20. Ne6 Rc2 21. Bd4 Bxe6
22. dxe6 Ng4 23. Bxg7+ Kxg7 24. Rb2 R2c3 25. Qd5 R8c7 26. h3 Nf6 27. Qd4 R3c4
28. Qb6 Qc8 29. b5 Ne4 30. Bxe4 fxe4 31. bxa6 bxa6 32. Rd4 Rc1+ 33. Kg2 Qxe6
34. Qxa6 Rh1 35. g4 Rcc1 36. f4 exf3+ 37. Kg3 Qxe3 0-1

[Event "Tage Sorensen Memorial 2001"]
[Site "Holbaek"]
[Date "2001.06.23"]
[Round "1"]
[White "Eriksson, Johan"]
[Black "Molvig, Henrik"]
[Result "1-0"]
[WhiteElo "2408"]
[BlackElo "2219"]
[PlyCount "93"]
[EventDate "2001.06.23"]

1. d4 d5 2. c4 e6 3. Nc3 Nf6 4. Nf3 Be7 5. Bg5 Nbd7 6. e3 O-O 7. Qc2 a6 8. cxd5
exd5 9. Bd3 b6 10. Ne5 Bb7 11. Nxd7 Qxd7 12. Bxf6 Bxf6 13. Bxh7+ Kh8 14. Qf5
Qxf5 15. Bxf5 g6 16. Bg4 Rfe8 17. O-O-O Rad8 18. Bf3 Kg7 19. h4 Rd6 20. Ne2 c5
21. g4 cxd4 22. Nxd4 Rc8+ 23. Kb1 Rc4 24. Be2 Bxd4 25. exd4 Rc7 26. g5 Bc8 27.
Bd3 a5 28. Rc1 Rxc1+ 29. Rxc1 Bg4 30. Rc7 Bf3 31. Kc1 Rd8 32. Rc6 Be4 33. Kd2
Bxd3 34. Kxd3 Rh8 35. Rxb6 Rxh4 36. Rb5 Rf4 37. Rxa5 Rxf2 38. b4 f5 39. Ke3 Rb2
40. b5 Kf7 41. a4 Rb4 42. Ra6 Ke7 43. Rxg6 Rxa4 44. b6 f4+ 45. Kxf4 Rxd4+ 46.
Ke5 Rb4 47. Kxd5 1-0

[Event "Tage Sorensen Memorial 2001"]
[Site "Holbaek"]
[Date "2001.06.23"]
[Round "1"]
[White "Hansen, Lars Henrik Bech"]
[Black "Bromann, Thorbjorn"]
[Result "0-1"]
[WhiteElo "2159"]
[BlackElo "2310"]
[PlyCount "72"]
[EventDate "2001.06.23"]

1. e4 e6 2. d4 d5 3. e5 c5 4. c3 Nc6 5. Nf3 Bd7 6. Bd3 Qb6 7. O-O cxd4 8. cxd4
Nxd4 9. Nxd4 Qxd4 10. Nc3 a6 11. Qe2 Ne7 12. Rd1 Qb6 13. a3 Nc6 14. b4 Qd4 15.
Bb2 Qxe5 16. Ne4 d4 17. g3 Rd8 18. f4 Qb8 19. Rac1 Be7 20. Qh5 e5 21. Re1 h6
22. Bc4 g6 23. Qe2 O-O 24. fxe5 Nxe5 25. Bxd4 Be6 26. Bxe6 Rxd4 27. Ba2 Nd3 28.
Qg4 Kg7 29. Rcd1 Qa7 30. Kg2 Nxe1+ 31. Rxe1 f5 32. Qh3 Rxe4 33. Rxe4 fxe4 34.
Qe6 Qf2+ 35. Kh3 Qf1+ 36. Kg4 h5# 0-1

[Event "Tage Sorensen Memorial 2001"]
[Site "Holbaek"]
[Date "2001.06.23"]
[Round "1"]
[White "Hermansson, Emil"]
[Black "Pedersen, Hans Dahl"]
[Result "1-0"]
[WhiteElo "2400"]
[BlackElo "2208"]
[PlyCount "63"]
[EventDate "2001.06.23"]

1. e4 c6 2. d4 d5 3. Nd2 g6 4. Ngf3 Bg7 5. h3 Nh6 6. Bd3 O-O 7. O-O a5 8. Re1
Na6 9. c3 Nc7 10. e5 f6 11. Nf1 Ne6 12. Ng3 Nf7 13. h4 Bh6 14. h5 Bxc1 15. Qxc1
Kg7 16. hxg6 hxg6 17. Nh4 f5 18. Ngxf5+ gxf5 19. Nxf5+ Kg8 20. Re3 Nfg5 21. Rg3
Kf7 22. Rxg5 Nxg5 23. Qxg5 Bxf5 24. Bxf5 Rg8 25. e6+ Kf8 26. Bg6 Rg7 27. Re1
Qb6 28. Qf4+ Kg8 29. Bf7+ Kh8 30. Qh2+ Rh7 31. Qe5+ Rg7 32. Re3 1-0

[Event "Tage Sorensen Memorial 2001"]
[Site "Holbaek"]
[Date "2001.06.23"]
[Round "1"]
[White "Izsak, Gyula"]
[Black "Skjoldborg, Jesper"]
[Result "1-0"]
[WhiteElo "2452"]
[BlackElo "2228"]
[PlyCount "55"]
[EventDate "2001.06.23"]

1. d4 d5 2. Nf3 Nf6 3. c4 e6 4. Nc3 Be7 5. Bg5 O-O 6. e3 Nbd7 7. cxd5 exd5 8.
Bd3 Re8 9. O-O c6 10. Qc2 Nf8 11. Bxf6 Bxf6 12. Bf5 Be7 13. Rab1 a5 14. Na4 Bd6
15. Bxc8 Rxc8 16. a3 Nd7 17. Rfc1 Re6 18. b4 axb4 19. axb4 b5 20. Nc5 Nxc5 21.
bxc5 Bc7 22. Ra1 Ra8 23. Ng5 Rh6 24. Qf5 Bxh2+ 25. Kf1 Rxa1 26. Qxf7+ Kh8 27.
Rxa1 Qc8 28. Qf5 1-0

[Event "Tage Sorensen Memorial 2001"]
[Site "Holbaek"]
[Date "2001.06.23"]
[Round "1"]
[White "Kiss, Gergely"]
[Black "Jensen, Leif"]
[Result "0-1"]
[WhiteElo "2270"]
[BlackElo "2102"]
[PlyCount "118"]
[EventDate "2001.06.23"]

1. e4 e6 2. d4 d5 3. e5 c5 4. Qg4 Nc6 5. Nf3 cxd4 6. Bd3 Qc7 7. O-O Nxe5 8.
Nxe5 Qxe5 9. Bf4 Qf6 10. Bg5 Qe5 11. Bf4 Qf6 12. Re1 Qd8 13. Be5 Nf6 14. Qxd4
Be7 15. Nc3 Bd7 16. Re3 Bc6 17. Rg3 Kf8 18. Rf3 Qb6 19. Qf4 Qd8 20. Ne2 Qd7 21.
Nd4 Rd8 22. g4 Bd6 23. Re1 Kg8 24. Bxd6 Qxd6 25. Re5 Be8 26. Nb5 Bxb5 27. g5
Bxd3 28. gxf6 gxf6 29. Qxf6 Bg6 30. h4 Rd7 31. Rc3 Rc7 32. Rxc7 Qxc7 33. Re3 h5
34. Rc3 Qd7 35. Qf4 e5 36. Qxe5 Qg4+ 37. Kf1 Qd1+ 38. Kg2 Qg4+ 39. Kf1 Qd1+ 40.
Kg2 Kh7 41. Qf6 Rg8 42. Kh2 Rg7 43. Rg3 Qxc2 44. Rg5 Qc7+ 45. f4 Qc2+ 46. Kg1
Qd1+ 47. Kf2 Qd2+ 48. Kg3 Qe1+ 49. Kg2 Qxh4 50. Kg1 Qe1+ 51. Kh2 Qe2+ 52. Kg1
Qe6 53. Qc3 Qb6+ 54. Kf1 d4 55. Qd2 Qa6+ 56. Kf2 Qd3 57. Qxd3 Bxd3 58. Rxh5+
Kg6 59. Rd5 Be4 0-1

[Event "Tage Sorensen Memorial 2001"]
[Site "Holbaek"]
[Date "2001.06.23"]
[Round "1"]
[White "Larsen, Peder Lehmann"]
[Black "Pedersen, Henrik Dahl"]
[Result "0-1"]
[WhiteElo "2055"]
[BlackElo "2237"]
[PlyCount "70"]
[EventDate "2001.06.23"]

1. d4 Nf6 2. Nf3 g6 3. Nc3 Bg7 4. e4 d6 5. h3 O-O 6. Be2 c6 7. a4 Qc7 8. Be3
Nbd7 9. O-O e5 10. dxe5 dxe5 11. Qd2 Re8 12. Rfd1 Nf8 13. a5 Nh5 14. Bb6 axb6
15. axb6 Qb8 16. Na4 Nf4 17. Nc5 Nxe2+ 18. Qxe2 Rxa1 19. Rxa1 Ne6 20. Nxe6 Bxe6
21. Ra7 Bf8 22. Qe3 Bc4 23. b3 Ba6 24. c4 Qd6 25. Ne1 Qc5 26. Nd3 Qxe3 27. fxe3
Bd6 28. Kf2 f5 29. Kf3 Rd8 30. Nb2 Kf7 31. Na4 Bb4 32. c5 Rb8 33. g4 fxg4+ 34.
hxg4 h5 35. Kg3 Kf6 0-1

[Event "Tage Sorensen Memorial 2001"]
[Site "Holbaek"]
[Date "2001.06.24"]
[Round "1"]
[White "Naes, Flovin Tor"]
[Black "Skjoldager, Flemming"]
[Result "1-0"]
[WhiteElo "2236"]
[BlackElo "2000"]
[PlyCount "61"]
[EventDate "2001.06.23"]

1. Nf3 Nf6 2. c4 e6 3. g3 d5 4. Bg2 c6 5. O-O Nbd7 6. b3 Be7 7. Bb2 O-O 8. d3
b6 9. Nbd2 Bb7 10. Rc1 Rc8 11. Rc2 b5 12. Qa1 Qa5 13. a3 b4 14. axb4 Bxb4 15.
Qxa5 Bxa5 16. Ra1 Bb6 17. b4 a6 18. Nd4 Rfd8 19. N2b3 c5 20. bxc5 Nxc5 21. Na5
Ba8 22. cxd5 Nxd5 23. Nc4 Ba7 24. Ne3 Nxe3 25. fxe3 Bxg2 26. Kxg2 Rc7 27. Rac1
Rb7 28. Nc6 Rxb2 29. Rxb2 Na4 30. Nxd8 Nxb2 31. Rc8 1-0

[Event "Tage Sorensen Memorial 2001"]
[Site "Holbaek"]
[Date "2001.06.23"]
[Round "1"]
[White "Nielsen, Max"]
[Black "Palm, Eivind"]
[Result "1-0"]
[WhiteElo "2251"]
[BlackElo "2000"]
[PlyCount "67"]
[EventDate "2001.06.23"]

1. e4 e6 2. d4 d5 3. Nc3 Bb4 4. e5 c5 5. Qg4 Ne7 6. dxc5 Bxc3+ 7. bxc3 Ng6 8.
Nf3 Qc7 9. Bd3 Nc6 10. O-O Bd7 11. Re1 O-O-O 12. Qg3 a6 13. Rb1 Qa5 14. Bd2
Qxc5 15. Be3 Qa3 16. Rb3 Qa4 17. Bb6 Rdg8 18. Nd4 Nge7 19. Reb1 Nxd4 20. Bxd4
b5 21. Bc5 Ng6 22. Bb4 a5 23. Ra3 axb4 24. Rxa4 bxa4 25. cxb4 Kb7 26. c4 dxc4
27. Qf3+ Kc7 28. Bxc4 Nxe5 29. Qc3 Nxc4 30. Qxc4+ Kd8 31. Rd1 Re8 32. Qc6 Ke7
33. Rxd7+ Kf6 34. Qf3+ 1-0

[Event "Tage Sorensen Memorial 2001"]
[Site "Holbaek"]
[Date "2001.06.23"]
[Round "1"]
[White "Ostergaard, Rasmus"]
[Black "Nilssen, John Arni"]
[Result "0-1"]
[WhiteElo "2183"]
[BlackElo "2345"]
[PlyCount "68"]
[EventDate "2001.06.23"]

1. c4 Nf6 2. Nc3 c5 3. Nf3 e6 4. d4 cxd4 5. Nxd4 a6 6. a3 Qc7 7. e4 b6 8. Bd3
Bb7 9. O-O d6 10. Qe2 Nbd7 11. Nf3 Rc8 12. h3 Be7 13. Bf4 Ne5 14. Nxe5 dxe5 15.
Be3 Bc5 16. Bxc5 Qxc5 17. b4 Qc7 18. Rac1 O-O 19. Qe3 Rfd8 20. Na4 Rd4 21. f3
Qd8 22. Be2 Nh5 23. c5 Nf4 24. Kh2 Rd2 25. Rcd1 Rxe2 26. Rxd8+ Rxd8 27. Qxe2
Nxe2 28. cxb6 Rb8 29. Rd1 Nd4 30. Nc5 Bc8 31. Nb3 Kf8 32. Nxd4 exd4 33. Rxd4
Ke7 34. Rc4 Bd7 0-1

[Event "Tage Sorensen Memorial 2001"]
[Site "Holbaek"]
[Date "2001.06.23"]
[Round "1"]
[White "Pavlovskaya, Evgenija"]
[Black "Lamprecht, Frank"]
[Result "0-1"]
[WhiteElo "2201"]
[BlackElo "2403"]
[PlyCount "112"]
[EventDate "2001.06.23"]

1. e4 e6 2. d4 d5 3. Nd2 c5 4. exd5 Qxd5 5. Ngf3 cxd4 6. Bc4 Qd6 7. O-O Nf6 8.
Nb3 Nc6 9. Nbxd4 Nxd4 10. Nxd4 a6 11. Bb3 Qc7 12. Re1 Bd6 13. Nf5 Bxh2+ 14. Kh1
O-O 15. Nxg7 Rd8 16. Qf3 Kxg7 17. Bh6+ Kg6 18. c3 Nh5 19. Bc1 Bf4 20. g4 Ng3+
21. Kg2 Bxc1 22. Raxc1 b6 23. Bc2+ Kg7 24. Qxg3 Bb7+ 25. Be4 Qxg3+ 26. Kxg3
Bxe4 27. Rxe4 Rd3+ 28. f3 Rad8 29. Rce1 R8d5 30. Rb4 b5 31. a4 h5 32. axb5 axb5
33. c4 R5d4 34. gxh5 bxc4 35. Rc1 Rd5 36. Rcxc4 Rxh5 37. Rf4 e5 38. Rg4+ Kf6
39. Rb6+ Kf5 40. Rb7 f6 41. Rb5 Rh1 42. Rf4+ Kg6 43. Rg4+ Kf7 44. Kg2 Rc1 45.
Rgb4 Rd2+ 46. Kg3 Ke6 47. f4 Rd3+ 48. Kf2 Rc2+ 49. Ke1 Rh3 50. Kd1 Rf2 51. Re4
Rh1+ 52. Re1 Rxe1+ 53. Kxe1 Rxf4 54. b4 f5 55. Rb8 Kd5 56. b5 Rb4 0-1

[Event "Tage Sorensen Memorial 2001"]
[Site "Holbaek"]
[Date "2001.06.23"]
[Round "1"]
[White "Skytte, Rasmus"]
[Black "Sivertsen, Palle"]
[Result "1-0"]
[WhiteElo "2343"]
[BlackElo "2168"]
[PlyCount "51"]
[EventDate "2001.06.23"]

1. e4 Nc6 2. Nc3 g6 3. d4 Bg7 4. d5 Nd4 5. Be3 c5 6. Na4 d6 7. c3 b5 8. Nxc5
dxc5 9. cxd4 cxd4 10. Bxb5+ Kf8 11. Bd2 Nf6 12. Bd3 Qb6 13. Nf3 Nd7 14. b4 h6
15. O-O g5 16. h3 Ne5 17. Nxe5 Bxe5 18. Qh5 Bd7 19. f4 Bxf4 20. Bxf4 gxf4 21.
Rxf4 f6 22. e5 Be8 23. Qf3 Kg7 24. d6 Bc6 25. Qg4+ Kf8 26. dxe7+ 1-0

[Event "Tage Sorensen Memorial 2001"]
[Site "Holbaek"]
[Date "2001.06.23"]
[Round "1"]
[White "Stockflet, Henrik"]
[Black "Strange, Mikkel"]
[Result "0-1"]
[WhiteElo "2000"]
[BlackElo "2228"]
[PlyCount "60"]
[EventDate "2001.06.23"]

1. f4 d5 2. Nf3 g6 3. g3 Bg7 4. Bg2 Nf6 5. O-O O-O 6. d3 c5 7. c3 Nc6 8. Qe1
Qc7 9. a4 e5 10. fxe5 Nxe5 11. Nxe5 Qxe5 12. Bf4 Qh5 13. Nd2 Re8 14. Nf3 Bd7
15. Qd2 h6 16. a5 Rad8 17. Bd6 d4 18. cxd4 cxd4 19. Bc7 Rc8 20. Be5 Rxe5 21.
Nxe5 Qxe5 22. Bxb7 Re8 23. Bf3 g5 24. Rfe1 g4 25. Bg2 Nd5 26. Rac1 Bf8 27. Bxd5
Qxd5 28. Qf4 Bb4 29. Rf1 Rxe2 30. Rf2 Bd2 0-1

[Event "Tage Sorensen Memorial 2001"]
[Site "Holbaek"]
[Date "2001.06.23"]
[Round "1"]
[White "Visweswaran, Kameswaran"]
[Black "Jorgensen, Gert"]
[Result "1-0"]
[WhiteElo "2301"]
[BlackElo "2123"]
[PlyCount "74"]
[EventDate "2001.06.23"]

1. e4 e5 2. Nf3 Nc6 3. Bb5 Nf6 4. d3 d6 5. c3 Be7 6. Nbd2 O-O 7. Nf1 Bd7 8. h3
a6 9. Ba4 b5 10. Bc2 d5 11. g4 dxe4 12. dxe4 Be6 13. N1d2 Nd7 14. Qe2 Nc5 15.
b4 Nb7 16. a4 Nd6 17. Bd3 Qb8 18. O-O Qb7 19. Bb2 h5 20. Ne1 h4 21. Ng2 g5 22.
Ne3 f6 23. Nd5 Rfb8 24. Nb3 Qc8 25. Nc5 Bf7 26. Ra2 Kf8 27. Rfa1 Nc4 28. Bxc4
Bxc5 29. axb5 axb5 30. Bxb5 Rxa2 31. Rxa2 Nxb4 32. cxb4 Bxb4 33. Ra7 Bd6 34.
Nxf6 Kg7 35. Nd7 c6 36. Nxe5 cxb5 37. Nxf7+ Kg6 1-0

[Event "Tage Sorensen Memorial 2001"]
[Site "Holbaek"]
[Date "2001.06.24"]
[Round "2"]
[White "Bromann, Thorbjorn"]
[Black "Naes, Flovin Tor"]
[Result "1-0"]
[WhiteElo "2310"]
[BlackElo "2236"]
[PlyCount "45"]
[EventDate "2001.06.23"]

1. e4 e5 2. Nf3 Nc6 3. Bc4 Bc5 4. c3 Nf6 5. d4 exd4 6. e5 d5 7. Bb5 Ne4 8. cxd4
Bb4+ 9. Nbd2 O-O 10. O-O Bg4 11. Bxc6 bxc6 12. Qc2 c5 13. dxc5 Bxf3 14. Nxf3
Bxc5 15. b3 f6 16. Bb2 fxe5 17. Bxe5 Rxf3 18. gxf3 Qg5+ 19. Kh1 Nxf2+ 20. Rxf2
Bxf2 21. f4 Qh4 22. Rf1 Bb6 23. Qg2 1-0

[Event "Tage Sorensen Memorial 2001"]
[Site "Holbaek"]
[Date "2001.06.24"]
[Round "2"]
[White "Carstensen, Jacob"]
[Black "Eriksson, Johan"]
[Result "1/2-1/2"]
[WhiteElo "2260"]
[BlackElo "2408"]
[PlyCount "31"]
[EventDate "2001.06.23"]

1. d4 Nf6 2. c4 g6 3. Nc3 Bg7 4. Nf3 d6 5. g3 O-O 6. Bg2 Nbd7 7. O-O e5 8. b3
Re8 9. Bb2 c6 10. e4 exd4 11. Nxd4 Nc5 12. Qc2 a5 13. Rad1 Bd7 14. Rfe1 Qb6 15.
Ba3 Rad8 16. h3 1/2-1/2

[Event "Tage Sorensen Memorial 2001"]
[Site "Holbaek"]
[Date "2001.06.24"]
[Round "2"]
[White "Jensen, Leif"]
[Black "Pedersen, Kim"]
[Result "1/2-1/2"]
[WhiteElo "2102"]
[BlackElo "2227"]
[PlyCount "81"]
[EventDate "2001.06.23"]

1. e4 e6 2. d4 d5 3. Nd2 Nf6 4. e5 Nfd7 5. c3 c5 6. f4 Nc6 7. Ndf3 cxd4 8. cxd4
Bb4+ 9. Kf2 Be7 10. g3 Qb6 11. Kg2 a5 12. h4 a4 13. Nh3 Ndb8 14. Be2 Bd7 15.
Rb1 a3 16. b3 Nb4 17. Ra1 Bb5 18. Bd2 N8c6 19. Bxb5 Qxb5 20. Nf2 h6 21. Bxb4
Nxb4 22. Qd2 Rc8 23. Rhc1 Kd7 24. Ne1 Qb6 25. Nf3 Rxc1 26. Rxc1 Rc8 27. Rxc8
Kxc8 28. Nd3 Nc6 29. Qc3 Kb8 30. Kf2 Na7 31. Nc5 Qc6 32. Na4 Qb5 33. Ke3 Nc6
34. Qd2 Qf1 35. Qe2 Qb1 36. Nc3 Qa1 37. Qe1 Qb2 38. Qd2 Qa1 39. Qe1 Qb2 40. Qd2
Qa1 41. Qe1 1/2-1/2

[Event "Tage Sorensen Memorial 2001"]
[Site "Holbaek"]
[Date "2001.06.24"]
[Round "2"]
[White "Jorgensen, Gert"]
[Black "Pavlovskaya, Evgenija"]
[Result "0-1"]
[WhiteElo "2123"]
[BlackElo "2201"]
[PlyCount "76"]
[EventDate "2001.06.23"]

1. d4 d5 2. c4 e6 3. Nc3 Nf6 4. cxd5 exd5 5. g3 c6 6. Bg2 Bf5 7. Nf3 Bd6 8. O-O
O-O 9. Nh4 Be6 10. Qd3 Re8 11. f3 Na6 12. e4 dxe4 13. fxe4 Bc5 14. Nf3 Bg4 15.
Be3 Qd7 16. Qd2 Bb6 17. Kh1 Rad8 18. e5 Nd5 19. Nxd5 cxd5 20. Ng5 Bh5 21. Rf2
h6 22. Nh3 Bg6 23. Raf1 Qa4 24. Nf4 Be4 25. Nh5 Bxg2+ 26. Kxg2 Rc8 27. Nxg7
Rxe5 28. b3 Qb4 29. Qxb4 Nxb4 30. dxe5 Bxe3 31. Rxf7 Nd3 32. e6 Bc5 33. Nf5 Bf8
34. Ne3 Ne5 35. Rxb7 Re8 36. Nxd5 Rxe6 37. Rxa7 Ng4 38. Nf6+ Nxf6 0-1

[Event "Tage Sorensen Memorial 2001"]
[Site "Holbaek"]
[Date "2001.06.24"]
[Round "2"]
[White "Jorgensen, Michael"]
[Black "Izsak, Gyula"]
[Result "1/2-1/2"]
[WhiteElo "2290"]
[BlackElo "2452"]
[PlyCount "135"]
[EventDate "2001.06.23"]

1. d4 Nf6 2. c4 e6 3. Nf3 b6 4. a3 Bb7 5. Nc3 d5 6. cxd5 exd5 7. g3 Be7 8. Bg2
O-O 9. O-O Re8 10. b4 Nbd7 11. Qb3 c6 12. Bf4 b5 13. Rad1 a5 14. Ne5 Nb6 15. e4
axb4 16. axb4 Na4 17. Ne2 Nb6 18. exd5 Nfxd5 19. Bd2 Bd6 20. Nf4 Bxe5 21. dxe5
Nc4 22. Nxd5 cxd5 23. Bf4 Ra4 24. Rd4 Qe7 25. Rb1 g5 26. Bc1 Qxe5 27. Qd3 Ra2
28. Bxd5 Qe1+ 29. Qf1 Bxd5 30. Rxd5 h6 31. Be3 Qxf1+ 32. Rxf1 Nxe3 33. fxe3
Rxe3 34. Rd8+ Kg7 35. Rd7 Ree2 36. Rdxf7+ Kg6 37. R1f6+ Kh5 38. Rf2 Rxf2 39.
Rxf2 Rxf2 40. Kxf2 Kg4 41. Ke3 Kh3 42. Kd4 Kxh2 43. Kc5 g4 44. Kxb5 h5 45. Kc4
h4 46. b5 hxg3 47. b6 g2 48. b7 g1=Q 49. b8=Q+ Qg3 50. Qh8+ Kg2 51. Qb2+ Qf2
52. Qb7+ Kg1 53. Qg7 g3 54. Kd3 Qf3+ 55. Kd2 Qf4+ 56. Ke2 Qe4+ 57. Kd2 g2 58.
Qf6 Kh2 59. Qh6+ Kg3 60. Qg5+ Kf3 61. Qh5+ Qg4 62. Qd5+ Kg3 63. Qd3+ Kh2 64.
Qd6+ Qg3 65. Qh6+ Kg1 66. Ke2 Qf2+ 67. Kd3 Qf3+ 68. Kd2 1/2-1/2

[Event "Tage Sorensen Memorial 2001"]
[Site "Holbaek"]
[Date "2001.06.24"]
[Round "2"]
[White "Lamprecht, Frank"]
[Black "Visweswaran, Kameswaran"]
[Result "1-0"]
[WhiteElo "2403"]
[BlackElo "2301"]
[PlyCount "141"]
[EventDate "2001.06.23"]

1. d4 Nf6 2. c4 g6 3. Nc3 Bg7 4. e4 d6 5. Nf3 O-O 6. Be2 e5 7. O-O Na6 8. Be3
exd4 9. Nxd4 Re8 10. f3 c6 11. Nc2 Be6 12. Qd2 Qc7 13. Rac1 Rad8 14. Nd4 Bc8
15. Rfd1 Qe7 16. Bf1 Nc7 17. Nb3 b6 18. Bf4 Bf8 19. Nd4 Bb7 20. Re1 Bg7 21. b4
Nh5 22. Be3 d5 23. cxd5 cxd5 24. Ncb5 Nxb5 25. Bxb5 Rf8 26. exd5 Bxd5 27. a3
Qf6 28. Qf2 Nf4 29. Ne2 Ne6 30. Ng3 Qb2 31. Qxb2 Bxb2 32. Rb1 Bxa3 33. Bh6 Ba2
34. Bxf8 Bxb1 35. Be7 Bd3 36. Bxd8 Bxb5 37. Be7 a5 38. Rb1 axb4 39. Bxb4 Bd3
40. Rb3 Bxb4 41. Rxb4 b5 42. Ne4 Kf8 43. Nd6 Nc7 44. Rb3 Be2 45. Kf2 Bd1 46.
Rc3 Ne6 47. Nxb5 Ba4 48. Nd6 Ke7 49. Ne4 h5 50. Nc5 Nxc5 51. Rxc5 Bb3 52. h4
Kf6 53. Ke3 Ba2 54. Kf4 Bb3 55. Rc6+ Kg7 56. Ke5 Ba4 57. Rb6 Bc2 58. Rf6 Bd1
59. Rf4 Be2 60. Kd6 Bd1 61. Ke7 Bb3 62. Rf6 Bd5 63. f4 Bxg2 64. Rxf7+ Kh6 65.
Kf6 Bd5 66. Rf8 Kh7 67. Rd8 Be4 68. Kg5 Bf5 69. Rf8 Bc2 70. Rf7+ Kg8 71. Kf6
1-0

[Event "Tage Sorensen Memorial 2001"]
[Site "Holbaek"]
[Date "2001.06.24"]
[Round "2"]
[White "Molvig, Henrik"]
[Black "Brekka, Martin"]
[Result "1/2-1/2"]
[WhiteElo "2219"]
[BlackElo "2102"]
[PlyCount "111"]
[EventDate "2001.06.23"]

1. d4 Nf6 2. c4 e6 3. Nf3 d5 4. Nc3 c6 5. Bg5 Be7 6. e3 Nbd7 7. Rc1 O-O 8. Bd3
dxc4 9. Bxc4 b5 10. Bd3 Bb7 11. e4 h6 12. Bf4 b4 13. Na4 Qa5 14. O-O c5 15.
dxc5 Nxc5 16. Nxc5 Bxc5 17. Nd2 Qd8 18. Qe2 Rc8 19. Nb3 Bb6 20. Rxc8 Qxc8 21.
Bd6 Rd8 22. Rc1 Qa8 23. Bxb4 Nxe4 24. Bxe4 Bxe4 25. Bc3 Qd5 26. Nd2 Bg6 27. Re1
Qxa2 28. Qe5 f6 29. Qxe6+ Qxe6 30. Rxe6 Bd4 31. Bxd4 Rxd4 32. Nf3 Rb4 33. Re2
Bh5 34. Rc2 Bxf3 35. gxf3 Kh7 36. Kg2 Kg6 37. Rc7 a5 38. Rc5 a4 39. Ra5 f5 40.
Kg3 Kg5 41. h3 h5 42. Kg2 h4 43. Ra6 Kf4 44. Ra5 g6 45. Rd5 Kg5 46. Rd2 Kf4 47.
Rd5 g5 48. Ra5 g4 49. fxg4 fxg4 50. hxg4 Kxg4 51. Rc5 h3+ 52. Kg1 Kf4 53. Rc3
Rxb2 54. Rc4+ Kf3 55. Rxa4 h2+ 56. Kxh2 1/2-1/2

[Event "Tage Sorensen Memorial 2001"]
[Site "Holbaek"]
[Date "2001.06.24"]
[Round "2"]
[White "Nilssen, John Arni"]
[Black "Nielsen, Max"]
[Result "0-1"]
[WhiteElo "2345"]
[BlackElo "2251"]
[PlyCount "54"]
[EventDate "2001.06.23"]

1. c4 e5 2. Nc3 Nf6 3. g3 d5 4. cxd5 Nxd5 5. Nf3 Nc6 6. Bg2 Nb6 7. O-O Be7 8.
Rb1 g5 9. Ne1 h5 10. d3 h4 11. b4 hxg3 12. Bxc6+ bxc6 13. fxg3 Be6 14. e3 Nd5
15. Qc2 Qd7 16. b5 cxb5 17. Nxb5 a6 18. Na3 Bxa3 19. Bxa3 Nxe3 20. Qf2 Nxf1 21.
Qf6 Rg8 22. Qxe5 Nxh2 23. Rb7 Ng4 24. Qe4 Rd8 25. Bc5 f5 26. Qb4 Bd5 27. Ra7
Rh8 0-1

[Event "Tage Sorensen Memorial 2001"]
[Site "Holbaek"]
[Date "2001.06.24"]
[Round "2"]
[White "Palm, Eivind"]
[Black "Ostergaard, Rasmus"]
[Result "1/2-1/2"]
[WhiteElo "2000"]
[BlackElo "2183"]
[PlyCount "49"]
[EventDate "2001.06.23"]

1. d4 d5 2. c4 e6 3. Nf3 c5 4. g3 cxd4 5. cxd5 Qxd5 6. Qxd4 Nf6 7. Nc3 Qa5 8.
Ne5 Bc5 9. Qa4+ Qxa4 10. Nxa4 Bb4+ 11. Bd2 Bxd2+ 12. Kxd2 Nbd7 13. Nd3 b5 14.
Bg2 Rb8 15. Nac5 Nxc5 16. Nxc5 Ke7 17. Rhd1 Nd7 18. Rac1 Nxc5 19. Rxc5 Rd8+ 20.
Ke1 Rxd1+ 21. Kxd1 Kd6 22. b4 Bd7 23. f4 Rc8 24. Rxc8 Bxc8 25. Kd2 1/2-1/2

[Event "Tage Sorensen Memorial 2001"]
[Site "Holbaek"]
[Date "2001.06.24"]
[Round "2"]
[White "Pedersen, Hans Dahl"]
[Black "Larsen, Peder Lehmann"]
[Result "1-0"]
[WhiteElo "2208"]
[BlackElo "2055"]
[PlyCount "79"]
[EventDate "2001.06.23"]

1. c4 e6 2. g3 Nf6 3. Bg2 d5 4. Nf3 c6 5. O-O Be7 6. b3 O-O 7. Bb2 Nbd7 8. Qc2
Qc7 9. d3 Re8 10. Nbd2 Bd6 11. a3 b6 12. Rac1 Bb7 13. Nd4 Rac8 14. cxd5 exd5
15. Qd1 Qb8 16. N2f3 Ne5 17. Bh3 Rc7 18. Qd2 Nxf3+ 19. Nxf3 Qd8 20. Rfe1 h6 21.
Rc2 a5 22. Nd4 Be5 23. b4 axb4 24. axb4 Bc8 25. Bg2 Qd7 26. Rec1 Bb7 27. Nb3
Bxb2 28. Rxb2 Nh7 29. Rbc2 Ng5 30. Nd4 Qg4 31. e3 Rd8 32. h4 Ne6 33. Nxc6 Ra8
34. Bxd5 g5 35. Ne5 Rxc2 36. Qxc2 Qf5 37. Bxb7 Rb8 38. Nf3 g4 39. Be4 Qf6 40.
Nh2 1-0

[Event "Tage Sorensen Memorial 2001"]
[Site "Holbaek"]
[Date "2001.06.24"]
[Round "2"]
[White "Pedersen, Henrik Dahl"]
[Black "Hermansson, Emil"]
[Result "0-1"]
[WhiteElo "2237"]
[BlackElo "2400"]
[PlyCount "84"]
[EventDate "2001.06.23"]

1. c4 Nf6 2. g3 c6 3. Nf3 d5 4. b3 Bf5 5. Bg2 e6 6. O-O Nbd7 7. Bb2 Bd6 8. d3
h6 9. Nbd2 O-O 10. Qc2 Bh7 11. e4 dxe4 12. Nxe4 Be7 13. Rad1 Qc7 14. Qc3 Rfd8
15. Rfe1 a5 16. a3 Nc5 17. Nxc5 Bxc5 18. b4 Bf8 19. Ne5 axb4 20. axb4 Ra4 21.
c5 Nd5 22. Bxd5 Rxd5 23. Nc4 Ra6 24. Re3 Qd8 25. f4 Bf5 26. Rd2 f6 27. Nb6 Rxb6
28. cxb6 Qxb6 29. d4 Bxb4 30. Qb3 Rb5 31. Bc3 Bxc3 32. Qxc3 Rb1+ 33. Kg2 Qb5
34. Rde2 Qd5+ 35. Kf2 Qh1 36. Re1 Qxh2+ 37. Kf3 Rb2 38. R3e2 Rxe2 39. Rxe2 Bg4+
40. Kxg4 Qxe2+ 41. Kh3 Qh5+ 42. Kg2 Qd5+ 0-1

[Event "Tage Sorensen Memorial 2001"]
[Site "Holbaek"]
[Date "2001.06.24"]
[Round "2"]
[White "Sivertsen, Palle"]
[Black "Stockflet, Henrik"]
[Result "1-0"]
[WhiteElo "2168"]
[BlackElo "2000"]
[PlyCount "75"]
[EventDate "2001.06.23"]

1. e4 e5 2. f4 exf4 3. Bc4 Be7 4. Nf3 Nf6 5. e5 Ne4 6. O-O d5 7. exd6 Nxd6 8.
Bb3 Nc6 9. d4 Bg4 10. Bxf4 O-O 11. c3 Bf6 12. Nbd2 Nxd4 13. cxd4 Bxd4+ 14. Kh1
Bxb2 15. Rb1 Bf6 16. Nc4 Nb5 17. Nce5 Bf5 18. Rc1 c6 19. a4 Nc7 20. Qxd8 Bxd8
21. Nxf7 Nd5 22. Nxd8 Raxd8 23. Bg5 Rde8 24. Rfe1 h6 25. Be7 Rf7 26. Bc5 Rxe1+
27. Rxe1 b6 28. Bg1 Kh7 29. Rc1 Rf6 30. Bd4 Rd6 31. Be5 Re6 32. Bxd5 cxd5 33.
Rc7 Rxe5 34. Nxe5 a6 35. Rc6 a5 36. Rxb6 Bc2 37. Rb5 Bxa4 38. Rxd5 1-0

[Event "Tage Sorensen Memorial 2001"]
[Site "Holbaek"]
[Date "2001.06.24"]
[Round "2"]
[White "Skjoldager, Flemming"]
[Black "Hansen, Lars Henrik Bech"]
[Result "1/2-1/2"]
[WhiteElo "2000"]
[BlackElo "2159"]
[PlyCount "44"]
[EventDate "2001.06.23"]

1. e4 d6 2. d4 Nf6 3. Nc3 g6 4. f4 Bg7 5. Nf3 c5 6. dxc5 Qa5 7. Bd3 Qxc5 8. Qe2
O-O 9. Be3 Qa5 10. O-O Bg4 11. h3 Bxf3 12. Rxf3 Nc6 13. a3 Nd7 14. Qe1 Nc5 15.
b4 Nxd3 16. cxd3 Qd8 17. Rc1 Nd4 18. Rf2 Nb3 19. Rb1 Nd4 20. Rc1 Nb3 21. Rb1
Nd4 22. Rc1 Nb3 1/2-1/2